[Event "CZE-chT2F 1920"]
[Site "Czech Republic"]
[Date "2019.11.17"]
[Round "3.4"]
[White "Mrva, Marek"]
[Black "Sikora, Matous"]
[Result "0-1"]
[WhiteElo "2141"]
[BlackElo "2044"]
[PlyCount "86"]
[EventDate "2019.10.13"]
[EventType "team-tourn"]
[EventRounds "11"]
[EventCountry "CZE"]
[SourceTitle "EXT 2024"]
[Source "ChessBase"]
[SourceDate "2023.10.10"]
[SourceVersion "1"]
[SourceVersionDate "2023.10.10"]
[SourceQuality "1"]
[WhiteTeam "Ostrava TJ Nova Hut II"]
[BlackTeam "Orlova Slavia II"]
[WhiteTeamCountry "CZE"]
[BlackTeamCountry "CZE"]

1. e4 e6 2. d4 d5 3. Nc3 Bb4 4. e5 c5 5. Bd2 Ne7 6. Nb5 Bxd2+ 7. Qxd2 0-0 8. f4 a6 9. Nd6 cxd4 10. Nf3 Nbc6 11. Bd3 f6 12. 0-0-0 fxe5 13. Bxh7+ Kxh7 14. Ng5+ Kg8 15. Qd3 Nf5 16. Qh3 Nh6 17. Qh5 Rf6 18. Ne8 Bd7 19. Nxf6+ Qxf6 20. fxe5 Qf4+ 21. Kb1 Be8 22. Nxe6 Bxh5 23. Nxf4 Bxd1 24. Rxd1 Ng4 25. h3 Ne3 26. Rd2 Re8 27. a3 Rxe5 28. Nd3 Rf5 29. Nc5 Rf7 30. g4 Kh7 31. Ne6 Rf1+ 32. Ka2 Kg6 33. Re2 Rf3 34. Rh2 b6 35. Nc7 a5 36. Ne8 Rf8 37. Nc7 Rc8 38. Ne6 Kf6 39. Nf4 g5 40. Nd3 Ne5 41. Ne1 Rh8 42. Rd2 Rxh3 43. Rxd4 Rh1 0-1

[Event "Stare Mesto op"]
[Site "Stare Mesto"]
[Date "2019.08.22"]
[Round "6"]
[White "Sikora, Matous"]
[Black "Matus, Filip"]
[Result "1-0"]
[WhiteElo "2032"]
[BlackElo "1847"]
[PlyCount "79"]
[EventDate "2019.08.17"]
[EventType "swiss"]
[EventRounds "9"]
[EventCountry "CZE"]
[SourceTitle "EXT 2020"]
[Source "ChessBase"]
[SourceDate "2019.10.17"]
[SourceVersion "1"]
[SourceVersionDate "2019.10.17"]
[SourceQuality "1"]

1. e4 e6 2. d4 d5 3. Nd2 dxe4 4. Nxe4 Nd7 5. Nf3 Ngf6 6. Nxf6+ Nxf6 7. Bd3 c5 8. 0-0 cxd4 9. Nxd4 Be7 10. Bg5 0-0 11. c3 a6 12. Qf3 Qb6 13. a4 Bd7 14. Rfe1 Bc6 15. Nxc6 bxc6 16. a5 Qc5 17. Be3 Qd5 18. Qe2 c5 19. Bxa6 Qc6 20. Bb5 Qc7 21. a6 Nd5 22. c4 Nb4 23. Red1 Rfd8 24. Qf3 Ra7 25. Rxd8+ Bxd8 26. Rd1 Bf6 27. Qh5 Nxa6 28. Rd7 Qxd7 29. Bxd7 Rxd7 30. Qf3 h6 31. g3 Nb4 32. Bxc5 Nd3 33. b4 Nxc5 34. bxc5 Rc7 35. Qa8+ Kh7 36. c6 Be5 37. Kf1 g6 38. Ke2 Kg7 39. Kd3 g5 40. c5 1-0

[Event "Stare Mesto op"]
[Site "Stare Mesto"]
[Date "2018.08.25"]
[Round "8"]
[White "Mojzis, Jaroslav"]
[Black "Sikora, Matous"]
[Result "1/2-1/2"]
[WhiteElo "2099"]
[BlackElo "1962"]
[PlyCount "122"]
[EventDate "2018.08.18"]
[EventType "swiss"]
[EventRounds "9"]
[EventCountry "CZE"]
[SourceTitle "CBM 186 Extra"]
[Source "ChessBase"]
[SourceDate "2018.08.24"]
[SourceVersion "1"]
[SourceVersionDate "2018.08.24"]
[SourceQuality "1"]

1. d4 e6 2. c4 f5 3. Nf3 Nf6 4. g3 Bb4+ 5. Bd2 Qe7 6. Bg2 Ne4 7. 0-0 0-0 8. a3 Bxd2 9. Nbxd2 Nc6 10. e3 Nxd2 11. Qxd2 d6 12. b4 e5 13. b5 Nd8 14. dxe5 dxe5 15. Qc3 e4 16. Nd4 Nf7 17. Rfd1 Ne5 18. Bf1 Bd7 19. c5 Qf6 20. Rac1 Be6 21. Nxe6 Qxe6 22. Bc4 Nxc4 23. Qxc4 Qxc4 24. Rxc4 a6 25. b6 Rac8 26. Rd7 cxb6 27. Rxb7 bxc5 28. Rd7 Rf6 29. Rd5 g6 30. Rdxc5 Rxc5 31. Rxc5 Kg7 32. a4 Rd6 33. g4 Kf6 34. gxf5 gxf5 35. Kg2 Kg5 36. Kg3 Rg6 37. f3 exf3 38. Kxf3 Re6 39. a5 Re4 40. Rc6 Ra4 41. Rxa6 Kh5 42. Ra8 Kg5 43. a6 Kh6 44. h3 Kh5 45. Kg3 Kh6 46. Kf3 Kh5 47. a7 Kh6 48. Rf8 Rxa7 49. Rxf5 Kg6 50. Kf4 Ra1 51. e4 Rh1 52. Rg5+ Kf6 53. Rg3 Ke6 54. Ra3 Rf1+ 55. Kg5 Ke5 56. Ra7 Rg1+ 57. Kh6 Rh1 58. Ra5+ Kxe4 59. Rh5 Kf4 60. h4 Rh2 61. Kxh7 Kg4 1/2-1/2

[Event "Stare Mesto op"]
[Site "Stare Mesto"]
[Date "2018.08.22"]
[Round "5"]
[White "Sikora, Matous"]
[Black "Cerveny, Martin"]
[Result "0-1"]
[WhiteElo "1962"]
[BlackElo "2335"]
[PlyCount "50"]
[EventDate "2018.08.18"]
[EventType "swiss"]
[EventRounds "9"]
[EventCountry "CZE"]
[SourceTitle "CBM 186 Extra"]
[Source "ChessBase"]
[SourceDate "2018.08.24"]
[SourceVersion "1"]
[SourceVersionDate "2018.08.24"]
[SourceQuality "1"]

1. e4 c5 2. Nf3 d6 3. d4 cxd4 4. Nxd4 Nf6 5. Nc3 a6 6. h3 e6 7. g4 b5 8. Bg2 Bb7 9. 0-0 b4 10. g5 Nfd7 11. Nce2 g6 12. Be3 Nc5 13. Ng3 e5 14. Nb3 Ne6 15. Qd2 Nc6 16. a3 bxa3 17. Rxa3 Be7 18. h4 0-0 19. Nf5 gxf5 20. exf5 Nf4 21. Bxf4 exf4 22. Bd5 Bxg5 23. Kh2 Bf6 24. Rg1+ Kh8 25. Kh3 Be5 0-1

[Event "Karvina op"]
[Site "Karvina"]
[Date "2016.07.10"]
[Round "9"]
[White "Horvath, Tomas"]
[Black "Sikora, Matous"]
[Result "1/2-1/2"]
[WhiteElo "2007"]
[BlackElo "1861"]
[PlyCount "74"]
[EventDate "2016.07.02"]
[EventType "swiss"]
[EventRounds "9"]
[EventCountry "CZE"]
[SourceTitle "EXT 2017"]
[Source "ChessBase"]
[SourceDate "2016.10.25"]
[SourceVersion "1"]
[SourceVersionDate "2016.10.25"]
[SourceQuality "1"]

1. e4 e6 2. d4 d5 3. e5 c5 4. c3 Nc6 5. Nf3 Bd7 6. a3 f6 7. Nh4 Qe7 8. Nf3 Qd8 9. Bf4 cxd4 10. cxd4 fxe5 11. Bxe5 Nxe5 12. Nxe5 Nf6 13. Bd3 Bd6 14. 0-0 0-0 15. Nc3 Qc7 16. Re1 a6 17. Rc1 Rac8 18. Qd2 Qb8 19. Qe2 Be8 20. h3 Kh8 21. Ng4 Bd7 22. Ne5 Be8 23. g3 Bh5 24. Qe3 Be8 25. Kg2 Bxe5 26. dxe5 Nd7 27. f4 Nc5 28. Bc2 g6 29. b4 Nd7 30. Bd3 b5 31. a4 Qa8 32. Qd4 bxa4 33. Nxa4 Bf7 34. g4 Qb7 35. f5 gxf5 36. gxf5 Rg8+ 37. Kh2 Rxc1 1/2-1/2

[Event "Karvina op"]
[Site "Karvina"]
[Date "2016.07.05"]
[Round "4"]
[White "Sikora, Matous"]
[Black "Tyrlik, Rostislav"]
[Result "1-0"]
[WhiteElo "1861"]
[BlackElo "1428"]
[PlyCount "54"]
[EventDate "2016.07.02"]
[EventType "swiss"]
[EventRounds "9"]
[EventCountry "CZE"]
[SourceTitle "EXT 2017"]
[Source "ChessBase"]
[SourceDate "2016.10.25"]
[SourceVersion "1"]
[SourceVersionDate "2016.10.25"]
[SourceQuality "1"]

1. e4 c5 2. Nf3 d6 3. d4 cxd4 4. Nxd4 Nc6 5. Nc3 Nf6 6. Be3 g6 7. Bc4 Bg7 8. f3 0-0 9. Qd2 Bd7 10. 0-0-0 Ne5 11. Bb3 Rc8 12. h4 Nc4 13. Bxc4 Rxc4 14. g4 Qa5 15. Nb3 Qa6 16. Kb1 Rfc8 17. Bh6 Be6 18. Bxg7 Kxg7 19. h5 b5 20. hxg6 fxg6 21. Nd4 Bg8 22. Qh6+ Kh8 23. Nd5 Qb7 24. Nf4 Bf7 25. Nxg6+ Bxg6 26. Qxg6 Rg8 27. Qf5 Rg6 1-0

[Event "Karvina op"]
[Site "Karvina"]
[Date "2016.07.02"]
[Round "1"]
[White "Zwardon, Vojtech"]
[Black "Sikora, Matous"]
[Result "1-0"]
[WhiteElo "2421"]
[BlackElo "1861"]
[PlyCount "37"]
[EventDate "2016.07.02"]
[EventType "swiss"]
[EventRounds "9"]
[EventCountry "CZE"]
[SourceTitle "EXT 2017"]
[Source "ChessBase"]
[SourceDate "2016.10.25"]
[SourceVersion "1"]
[SourceVersionDate "2016.10.25"]
[SourceQuality "1"]

1. c4 f5 2. e4 fxe4 3. d3 Nf6 4. g4 d6 5. g5 Nfd7 6. Nc3 g6 7. h4 Bg7 8. h5 0-0 9. hxg6 hxg6 10. Bg2 Ne5 11. Nxe4 Nbc6 12. d4 Nxd4 13. Qxd4 Nf3+ 14. Nxf3 Bxd4 15. Nxd4 c5 16. Ne2 Bf5 17. Bd2 Rf7 18. Bc3 Rh7 19. Nf6+ 1-0

[Event "CZE-chT U18 Extraliga Ost 1516"]
[Site "Czech Republic"]
[Date "2016.01.23"]
[Round "7.1"]
[White "Stepan, Patrik"]
[Black "Sikora, Matous"]
[Result "1-0"]
[WhiteElo "1955"]
[BlackElo "1878"]
[PlyCount "49"]
[EventDate "2015.10.03"]
[EventType "team-tourn"]
[EventRounds "11"]
[EventCountry "CZE"]
[SourceTitle "EXT 2022"]
[Source "ChessBase"]
[SourceDate "2021.10.06"]
[SourceVersion "1"]
[SourceVersionDate "2021.10.06"]
[SourceQuality "1"]
[WhiteTeam "Frydek Mistek U18"]
[BlackTeam "Orlova Slavia U18 II"]
[WhiteTeamCountry "CZE"]
[BlackTeamCountry "CZE"]

1. d4 f5 2. e4 fxe4 3. Nc3 Nf6 4. Bg5 e6 5. Nxe4 Be7 6. Bxf6 Bxf6 7. Nf3 0-0 8. Qd2 b6 9. 0-0-0 Bb7 10. Bd3 d6 11. Rde1 Bxe4 12. Rxe4 Qd7 13. Rhe1 Re8 14. Ng5 Bxg5 15. Qxg5 Nc6 16. Bb5 a6 17. Bxc6 Qxc6 18. Rxe6 Rxe6 19. Rxe6 Re8 20. d5 Qb5 21. Qe3 Qf1+ 22. Kd2 Rxe6 23. Qxe6+ Kf8 24. Qc8+ Kf7 25. Qxc7+ 1-0